Statistiken für Englisch Vokabeln 2#

Klicken Sie hier um das Quiz zu spielen!

Allgemein

  • Dieses Quiz wurde 185 mal gespielt
  • Das Durchschnittsergebnis liegt bei 11 aus 20

Antwortstatistiken

DeutschEnglisch% Korrekt
die Brückebridge
97%
der Schlüssel; Schlüssel-key
96%
echt, wirklichreal
96%
das Feuerfire
93%
der Waldforest
89%
der Vogelbird
88%
rundround
88%
zwischenbetween
85%
die Treppe; die (Treppen-)Stufenstairs
83%
die Trophäe; der Pokaltrophy
60%
(nach) rechts / links abbiegenturn right/ left
49%
über, oberhalb (von); obenabove
47%
der Spiel- /Punktestand;
(im Spiel / Sport erzielter) Punkt
score
46%
der Grad, die Stufe;
das Niveau, die Ebene
level
33%
rechteckigsquare
28%
das untere Endebottom
22%
geradeaus (weiter)straight on
15%
vorbei an, vorüber anpast
12%
über eine Brücke/Straße/…across a bridge
7%
etwas dauernd/ immer wieder tunkeep doing
2%

Verteilung der Resultate

Perzentil nach korrekt beantworteten Fragen

Anzahl Personen mit jedem Resultat

Ihre Resultats-Entwicklung

Sie haben dieses Quiz noch nicht gespielt